00321nam a2200121Ia 4500003000400000008004100004020001000045040000800055100002300063245006400086260004000150300000900190LDD181101s9999 xx 000 0 und d c45.00 cLDD aSuroor, Aale Ahmed 0aIqbal ka nazariya-e-sher aur unki shairicAale Ahmed Suroor aNew DelhibMaktaba Jamia Ltd.c1999 a80p.